Us States That Start With Vowels - Statistics

General Stats
  • This quiz has been taken 74 times
    64 since last reset
  • The average score is 11 of 12
Answer Stats
Hint Answer % Correct
A Alabama
98%
A Arkansas
96%
A Arizona
95%
I Indiana
95%
I Iowa
95%
O Ohio
95%
U Utah
95%
A Alaska
93%
I Idaho
93%
I Illinois
91%
O Oregon
91%
O Oklahoma
88%
No matching quizzes found
Score Distribution
Percent of People with Each Score
Percentile by Number Answered
Your Score History
You have not taken this quiz since the last reset